01386nam a22003254a 4500001001200000003000800012006001900020007001500039008004100054010001700095020002200112040002100134035002100155050002300176082001800199100002000217245013600237260006300373300002400436490004700460504006600507533015200573650005300725650004500778655002900823710001700852830004800869856012600917999001701043ebr10270825CaPaEBRm u cr cn|||||||||051201s2005 ne a sb 001 0 eng c z 2005284271 z9004146504 (hbk.) aCaPaEBRcCaPaEBR a(OCoLC)30356429014aK3593b.V47 2005eb04a344/.09552221 aVerheyen, Roda.10aClimate change damage and international lawh[electronic resource] :bprevention, duties and state responsibility /cRoda Verheyen. aLeiden ;aBoston :bM. Nijhoff ;aLeiden :bBrill,cc2005. axii, 406 p. :bill.1 aDevelopments in international law ;vv. 54 aIncludes bibliographical references (p. [367]-387) and index. aElectronic reproduction.bPalo Alto, Calif. :cebrary,d2013.nAvailable via World Wide Web.nAccess may be limited to ebrary affiliated libraries. 0aClimatic changesxResearchxLaw and legislation. 0aClimatic changesxEnvironmental aspects. 7aElectronic books.2local2 aebrary, Inc. 0aDevelopments in international law ;vv. 54.40uhttp://site.ebrary.com/lib/rucke/Doc?id=10270825zAn electronic book accessible through the World Wide Web; click to view c22781d22781